Empires That Are Bigger Than Modern-Day Russia - Statistics

General Stats
  • This quiz has been taken 177 times
  • The average score is 2 of 3
Answer Stats
Empire Max. Area (km²) Max. Area(mi²) % of world % Correct
British Empire 35,500,000 km2 13,700,000 mi² 26.35%
95%
Mongol Empire 24,000,000 km2 9,300,000 sq mi 17.81%
94%
Russian Empire 22,800,000 km2 8,800,000 sq mi 16.92%
55%
No matching quizzes found
Score Distribution
Percent of People with Each Score
Percentile by Number Answered
Your Score History
You have not taken this quiz